LEADER 01275nam 2200421 450 001 9910158608903321 005 20170126070235.0 010 $a1-78646-047-5 035 $a(CKB)3710000001010321 035 $a(MiAaPQ)EBC4775591 035 $a(PPN)220206805 035 $a(EXLCZ)993710000001010321 100 $a20170228h20172017 uy 0 101 0 $aeng 135 $aurcnu|||||||| 181 $2rdacontent 182 $2rdamedia 183 $2rdacarrier 200 10$aMastering swift 3-Linux $elearn to build fast and robust applications on the Linux platform with swift /$fJon Hoffman 210 1$aBirmingham, [England] :$cPackt Publishing,$d2017. 210 4$dİ2017 215 $a1 online resource (373 pages) 300 $aIncludes index. 311 $a1-78646-141-2 517 3 $aMastering Swift three - Linux 606 $aSwift (Computer program language) 606 $aApplication software$xDevelopment 615 0$aSwift (Computer program language) 615 0$aApplication software$xDevelopment. 676 $a005.3 700 $aHoffman$b Jon$01130772 801 0$bMiAaPQ 801 1$bMiAaPQ 801 2$bMiAaPQ 906 $aBOOK 912 $a9910158608903321 996 $aMastering swift 3-Linux$92867848 997 $aUNINA